[PAROLES] Se-vrak - Kaaris - Statistiques

Statistiques générales
  • Ce quiz a été pris 73 fois
    71 depuis la dernière actualisation
  • Le résultat moyen est 602 sur 963
Statistiques - réponses
Paroles % Correct
l'
98%
Le
98%
le
98%
a
96%
à
96%
d'
96%
n'
96%
t'
96%
T'
96%
c'
94%
et
94%
Et
94%
On
94%
on
94%
To
94%
as
91%
J'
91%
j'
91%
je
91%
Je
91%
la
91%
m'
91%
tu
91%
dans
89%
est
89%
qu'
89%
avec
87%
bouchon
87%
en
87%
liège
87%
mon
87%
Mon
87%
ton
87%
de
85%
que
85%
Que
85%
phallus
83%
pousse
83%
anus
81%
encore
81%
Il
81%
il
81%
S.E
81%
me
77%
te
77%
assez
74%
esclavage
74%
les
74%
pendant
74%
Salope
74%
salope
74%
ça
72%
ta
72%
temps
72%
travaillé
72%
était
70%
fuck
70%
Fuck
70%
twerk
70%
Gros
68%
gros
68%
ma
68%
mal
68%
mélange
68%
raie
68%
sur
68%
2.7
64%
cul
62%
SMIC
62%
un
62%
laissé
60%
The
60%
Future
57%
iceberg
57%
depuis
55%
Back
55%
D'puis
55%
d'puis
55%
fais
55%
rap
55%
billet
53%
traces
53%
un
53%
cachée
51%
face
51%
numéro
51%
pari
51%
trône
51%
arrêtes
49%
des
49%
du
49%
faut
49%
français
49%
mange
49%
s'rai
49%
Atari
47%
suis
47%
au
45%
ai
43%
bites
43%
Moi
43%
sucer
43%
tout
43%
comme
40%
drogue
40%
pour
40%
Pour
40%
Z.E.R.O
40%
chatte
38%
ne
38%
y
38%
Y
38%
carie
36%
défonce
36%
éjacule
36%
encule
36%
ou
36%
pas
36%
vends
36%
double
34%
croise
32%
dois
32%
hits
32%
moite
32%
sent
32%
suces
32%
tes
32%
Tes
32%
toute
32%
une
32%
2.7.0
30%
chevaux
30%
chronique
30%
deux
30%
électricité
30%
Kaaris
30%
'rrari
30%
son
30%
trop
30%
va
30%
aucune
28%
féliciter
28%
Glock
28%
mère
28%
sans
28%
sont
28%
Squad
28%
telle
28%
2Pac
26%
barbe
26%
cabine
26%
déjà
26%
gaspilles
26%
Ils
26%
mixité
26%
pousser
26%
putes
26%
schmitts
26%
sort
26%
torse
26%
tous
26%
auto
23%
avarie
23%
Cali
23%
Dakar
23%
essence
23%
fille
23%
FKK
23%
honneur
23%
Killuminati
23%
Mes
23%
morbide
23%
obésité
23%
phonique
23%
PKK
23%
pompe
23%
progéniture
23%
séance
23%
tire
23%
veux
23%
zoo
23%
31
21%
963
21%
Brazzaville
21%
chargeurs
21%
convalescence
21%
débardeur
21%
fils
21%
Graah
21%
Grrah
21%
Isolation
21%
lourd
21%
Lune
21%
Music
21%
nique
21%
nouveau
21%
presse
21%
sécateur
21%
tailler
21%
tellement
21%
tirer
21%
vide
21%
Afrique
19%
ait
19%
complice
19%
connu
19%
couilles
19%
coupable
19%
dégaine
19%
dégainé
19%
euros
19%
femme
19%
large
19%
leur
19%
marque
19%
melon
19%
parle
19%
plus
19%
pris
19%
Therapy
19%
vite
19%
4124
17%
4-4-2
17%
Abidjan
17%
atterrissent
17%
Automatique
17%
baises
17%
BIMA
17%
Boko
17%
bras
17%
buts
17%
écartées
17%
fesses
17%
gang
17%
Haram
17%
hardeurs
17%
jamais
17%
kalashé
17%
long
17%
MC
17%
mouvement
17%
oigts-d
17%
passer
17%
précède
17%
premier
17%
presse-agrumes
17%
rage
17%
réputation
17%
sale
17%
selfie
17%
tableau
17%
vitesses
17%
vocodeur
17%
zéros
17%
arrache
15%
attaquant
15%
auras
15%
bab-tou
15%
coco
15%
Daktari
15%
décède
15%
disent
15%
DP
15%
Fally
15%
frelon
15%
grave
15%
haine
15%
Mancuniens
15%
même
15%
quarante-troisième
15%
Rebeu
15%
resserré
15%
Ulysse
15%
voir
15%
2.0.31
13%
boycotteurs
13%
crache
13%
douilles
13%
faire
13%
fois
13%
grainée
13%
Grosse
13%
humaine
13%
jalousie
13%
jouer
13%
lécher
13%
mamelons
13%
nature
13%
net
13%
potos
13%
'pupa
13%
seule
13%
terrains
13%
veut
13%
anticiper
11%
antiquité
11%
Fatah
11%
feignant
11%
filiation
11%
fini
11%
garniture
11%
goal
11%
noi-ch
11%
salon
11%
utérus
11%
Beaucoup
9%
crâne
9%
envie
9%
ffre-co
9%
Lexus
9%
montagnes
9%
Original
9%
partir
9%
peux
9%
surplombent
9%
talons
9%
tombe
9%
chauds
6%
cke-schne
6%
galons
6%
ggas-ni
6%
guide
6%
plexus
6%
règne
6%
ressusciter
6%
suscitées
6%
vallons
6%
viens
6%
crasse
2%
Aucun quiz correspondant
Distribution des résultats
% des personnes avec chaque résultat
Percentile par nombre de réponses
Votre historique - résultats
Vous n’avez pas pris ce quiz depuis la dernière actualisation